08223 2204069 4500001002100000005001500021035002000036008004100056245004300097100001700140250000600157260003200163300001200195020002200207084001400229082000800243650001400251990001200265990001200277990001200289990001200301990001200313990001200325990001200337990001200349990001200361990001200373990001200385990001200397990001200409990001200421990001200433990001200445990001200457990001200469990001200481990001200493990001200505990001200517990001200529990001200541990001200553990001200565990001200577990001200589990001200601990001200613990001200625990001200637990001200649990001200661990001200673990001200685990001200697990001200709990001200721990001200733990001200745990001200757990001200769990001200781990001200793990001200805990001200817990001200829990001200841990001200853990001200865990001200877990001200889990001200901990001200913990001200925990001200937990001200949990001200961990001200973990001200985990001200997990001201009990001201021990001201033990001201045990001201057990001201069990001201081990001201093990001201105990001201117990001201129990001201141990001201153990001201165990001201177990001201189990001201201990001201213990001201225990001201237990001201249990001201261990001201273990001201285990001201297990001201309990001201321990001201333990001201345990001201357990001201369990001201381990001201393990001201405990001201417990001201429990001201441990001201453990001201465990001201477990001201489990001201501990001201513990001201525990001201537990001201549990001201561990001201573990001201585990001201597990001201609990001201621990001201633990001201645990001201657990001201669990001201681990001201693990001201705990001201717990001201729990001201741990001201753990001201765990001201777990001201789990001201801990001201813990001201825990001201837990001201849990001201861990001201873990001201885990001201897990001201909990001201921990001201933990001201945990001201957990001201969990001201981990001201993990001202005990001202017990001202029990001202041990001202053990001202065990001202077990001202089990001202101990001202113990001202125990001202137990001202149990001202161990001202173990001202185990001202197990001202209990001202221990001202233990001202245990001202257990001202269990001202281990001202293990001202305990001202317990001202329990001202341990001202353990001202365990001202377990001202389990001202401990001202413990001202425990001202437990001202449990001202461990001202473990001202485990001202497990001202509990001202521990001202533990001202545990001202557990001202569990001202581990001202593990001202605990001202617990001202629990001202641990001202653990001202665990001202677990001202689990001202701990001202713990001202725990001202737990001202749990001202761990001202773990001202785990001202797990001202809990001202821990001202833990001202845990001202857990001202869990001202881990001202893990001202905990001202917990001202929990001202941990001202953990001202965990001202977990001202989990001203001990001203013990001203025990001203037990001203049990001203061990001203073990001203085990001203097990001203109990001203121990001203133990001203145990001203157990001203169990001203181990001203193990001203205990001203217990001203229990001203241990001203253990001203265990001203277990001203289990001203301990001203313990001203325990001203337990001203349990001203361990001203373990001203385990001203397990001203409990001203421990001203433990001203445990001203457990001203469990001203481990001203493990001203505990001203517990001203529990001203541990001203553990001203565990001203577990001203589990001203601990001203613990001203625990001203637990001203649990001203661990001203673990001203685990001203697990001203709990001203721990001203733990001203745990001203757990001203769990001203781990001203793990001203805990001203817990001203829990001203841990001203853990001203865990001203877990001203889990001203901990001203913990001203925990001203937990001203949990001203961990001203973990001203985990001203997990001204009990001204021990001204033990001204045990001204057990001204069990001204081990001204093990001204105990001204117990001204129990001204141INLIS00000000000137620240626094640 a0010-0624000008240626 0 ind 1 aBahasa Inggris Kelas XI /cPuji Astuti aAstuti, Puji a1 aJakarta :bKEMDIKBUD,c2022 a266 hlm a978-602-244-896-9 a420 PUJ b a420 4aNon Fiksi a0749677 a0749678 a0749679 a0749680 a0749681 a0749682 a0749683 a0749684 a0749685 a0749686 a0749687 a0749688 a0749689 a0749690 a0749691 a0749692 a0749693 a0749694 a0749695 a0749696 a0749697 a0749698 a0749699 a0749700 a0749701 a0749702 a0749703 a0749704 a0749705 a0749706 a0749707 a0749708 a0749709 a0749710 a0749711 a0749712 a0749713 a0749714 a0749715 a0749716 a0749717 a0749718 a0749719 a0749720 a0749721 a0749722 a0749723 a0749724 a0749725 a0749726 a0749727 a0749728 a0749729 a0749730 a0749731 a0749732 a0749733 a0749734 a0749735 a0749736 a0749737 a0749738 a0749739 a0749740 a0749741 a0749742 a0749743 a0749744 a0749745 a0749746 a0749747 a0749748 a0749749 a0749750 a0749751 a0749752 a0749753 a0749754 a0749755 a0749756 a0749757 a0749758 a0749759 a0749760 a0749761 a0749762 a0749763 a0749764 a0749765 a0749766 a0749767 a0749768 a0749769 a0749770 a0749771 a0749772 a0749773 a0749774 a0749775 a0749776 a0749777 a0749778 a0749779 a0749780 a0749781 a0749782 a0749783 a0749784 a0749785 a0749786 a0749787 a0749788 a0749789 a0749790 a0749791 a0749792 a0749793 a0749794 a0749795 a0749796 a0749797 a0749798 a0749799 a0749800 a0749801 a0749802 a0749803 a0749804 a0749805 a0749806 a0749807 a0749808 a0749809 a0749810 a0749811 a0749812 a0749813 a0749814 a0749815 a0749816 a0749817 a0749818 a0749819 a0749820 a0749821 a0749822 a0749823 a0749824 a0749825 a0749826 a0749827 a0749828 a0749829 a0749830 a0749831 a0749832 a0749833 a0749834 a0749835 a0749836 a0749837 a0749838 a0749839 a0749840 a0749841 a0749842 a0749843 a0749844 a0749845 a0749846 a0749847 a0749848 a0749849 a0749850 a0749851 a0749852 a0749853 a0749854 a0749855 a0749856 a0749857 a0749858 a0749859 a0749860 a0749861 a0749862 a0749863 a0749864 a0749865 a0749866 a0749867 a0749868 a0749869 a0749870 a0749871 a0749872 a0749873 a0749874 a0749875 a0749876 a0749877 a0749878 a0749879 a0749880 a0749881 a0749882 a0749883 a0749884 a0749885 a0749886 a0749887 a0749888 a0749889 a0749890 a0749891 a0749892 a0749893 a0749894 a0749895 a0749896 a0749897 a0749898 a0749899 a0749900 a0749901 a0749902 a0749903 a0749904 a0749905 a0749906 a0749907 a0749908 a0749909 a0749910 a0749911 a0749912 a0749913 a0749914 a0749915 a0749916 a0749917 a0749918 a0749919 a0749920 a0749921 a0749922 a0749923 a0749924 a0749925 a0749926 a0749927 a0749928 a0749929 a0749930 a0749931 a0749932 a0749933 a0749934 a0749935 a0749936 a0749937 a0749938 a0749939 a0749940 a0749941 a0749942 a0749943 a0749944 a0749945 a0749946 a0749947 a0749948 a0749949 a0749950 a0749951 a0749952 a0749953 a0749954 a0749955 a0749956 a0749957 a0749958 a0749959 a0749960 a0749961 a0749962 a0749963 a0749964 a0749965 a0749966 a0749967 a0749968 a0749969 a0749970 a0749971 a0749972 a0749973 a0749974 a0749975 a0749976 a0749977 a0749978 a0749979 a0749980 a0749981 a0749982 a0749983 a0749984 a0749985 a0749986 a0749987 a0749988 a0749989 a0749990 a0749991 a0749992 a0749993 a0749994 a0749995 a0749996 a0749997 a0749998 a0749999 a0750000